=LDR 00000nam 2200000 4500 =001 INLIS000000000009047 =005 20200819073405 =035 ##$$a 0010-061300000009047 =008 200819################g##########0#ind## =041 ##$$a Ind =082 ##$$a 2x6.76 =090 ##$$a 2x6.76, Sha-s =100 ##$$a Shamad, Irhash A. =245 1#$$a Serial pelajaran seni kaligrafi islam khat sulus /$c Irhash A. Shamad =260 ##$$a Padang :$b Angkasa Raya,$c 1993 =300 ##$$a 105 hlm. ; $c 20,5 x 13,5 cm. =650 #4$$a Kaligrafi-Islam =850 ##$$a NBPNMAT =084 ##$$a 2x6.76 SHA s =990 ##$$a DW00027095 =990 ##$$a 67.338 pro.94